000
00210nam a22000857a 4500
003
SGT
245
_a
Journal of Oral Pathology & Medicine
260
_b
Blackwell
_c
2006, 2007, 2009, 2010, 2011, 2008
942
_2
ddc
_c
BV
999
_c
27636
_d
27636